Belgium Cities Map Quiz - Statistics

General Stats
  • This quiz has been taken 403 times
  • The average score is 7 of 10
Answers on the Map
Answers color-coded by a green-red scale on the quiz's map according to % correct below.
 
Answer Stats
Answer % Correct
Brussels
94%
Antwerp
91%
Bruges
76%
Liège
74%
Ghent
70%
Charleroi
55%
Mons
55%
Namur
50%
Arlon
49%
Mechelen
49%
No matching quizzes found
Score Distribution
Percent of People with Each Score
Percentile by Number Answered
Your Score History
You have not taken this quiz